La Nueva Dimensión de la Amazonía

Zapisane w:
Opis bibliograficzny
Format: Książka
Język:hiszpański
Wydane: Bogotá Fundación Universidad de Bogotá 1978
Seria:Grandes Problemas Ignorados, 1
Hasła przedmiotowe:
Etykiety: Dodaj etykietę
Nie ma etykietki, Dołącz pierwszą etykiete!

MARC

LEADER 00000nam a2200000 a 4500
001 UCS2675
003 CL-VaPUC
005 20211104074327.0
008 970604e19780000ck 1 spa d
082 0 4 |a 918.881  |b NUE  |2 21 
245 1 3 |a La Nueva Dimensión de la Amazonía 
260 |a Bogotá  |b Fundación Universidad de Bogotá  |c 1978 
300 |a 123 p 
490 0 |a Grandes Problemas Ignorados, 1 
583 |a last modification  |c 20190821 10:47:35  |k Rodrigo Vera 
650 0 0 |a Geografía  |9 259346 
650 0 7 |a GEOGRAFIA REGIONAL  |2 CL-VaPUC  |9 350312 
650 0 0 |a Rios  |9 261760 
650 0 0 |a Recursos naturales  |9 255232 
651 7 |a AMAZONIA  |2 CL-VaPUC  |9 317804 
942 |c BK 
945 |a paguirre  |d 19970604 00:00:00 
546 |a En Español 
536 |a Fundación Universidad de Bogotá 
518 |p Seminario La Nueva Dimensión de la Amazonía, 1, Bogotá, 24 de Junio al 2 de Julio de 1977 
999 |c 382955  |d 382953 
952 |0 0  |1 0  |4 0  |6 918_881000000000000_NUE_1978  |7 0  |8 P  |9 504913  |a BIBDER  |b BIBDER  |d 2020-01-23  |i 1864106  |o 918.881 NUE 1978  |p 1864106  |r 2023-01-25  |w 2020-01-23  |y BK  |k DER